| 000 | 00389nam a2200145Ia 4500 | ||
|---|---|---|---|
| 008 | 231129s1999||||xx |||||||||||||| ||spa|| | ||
| 020 | _a968-16-5715-2 | ||
| 040 | _bspa | ||
| 082 | _a(i) 833 K19n | ||
| 100 | _aKasparavicius Kestutis | ||
| 245 | 0 | _aNavidad en familia | |
| 260 | _c1999 | ||
| 264 | _aFondo de Cultura Económica | ||
| 942 |
_2ddc _cBKS |
||
| 999 |
_c21627 _d21627 |
||